| 000 | 00415nam a22001457a 4500 | ||
|---|---|---|---|
| 005 | 20170608084226.0 | ||
| 008 | 170608b xxu||||| |||| 00| 0 eng d | ||
| 020 | _a9780415088046 | ||
| 040 | _cPK-LaUMT | ||
| 082 |
_a306 _bSTU- |
||
| 245 |
_aStuart Hall/ _bcritical dialogues in cultural studies _cDavid Morley and Kaun-Hasing Chen(Editors) |
||
| 260 |
_aLondon: _bRoutledge, _c1996 |
||
| 300 | _a522 p. | ||
| 942 | _cBK | ||
| 999 |
_c94484 _d94484 |
||